Papa Doc y los Tontons Macoutes : la verdad sobre Haití /

Shranjeno v:
Bibliografske podrobnosti
Glavni avtor: Diederich, Bernard (autor)
Drugi avtorji: Burt, Al (autor) (autor), Greene, Graham (prefacio) (prefacio)
Format: Knjiga
Jezik:španščina
Izdano: Barcelona, España : Aymá, 1971, c1971
Serija:(Presencia del Tiempo)
Teme:
Oznake: Označite
Brez oznak, prvi označite!

MARC

LEADER 00000nam^a2200000^a^4500
001 000183498
005 20250521000000.0
009 20260310102044.556
037 |a Acervo ITESO - Biblioteca 
041 |a ESP 
082 |a 320. 97294062  |b DIE 
100 |a Diederich, Bernard  |e (autor) 
245 1 0 |a Papa Doc y los Tontons Macoutes :  |b la verdad sobre Haití /  |c B. Diederich, A. Burt ; pref. de G. Greene. 
264 4 |a Barcelona, España :  |b Aymá,  |c 1971, c1971 
300 |a 393 p. 
336 |a texto  |b txt  |2 rdacontenido 
337 |a sin mediación  |b n  |2 rdamedio 
338 |a volumen  |b nc  |2 rdasoporte 
440 1 |a (Presencia del Tiempo) 
649 |a XX 
650 |a Jefes de Estado Haitianos 
650 |a Políticos Haitianos 
650 |a Dictadura -  |z Haití -  |x Historia -  |y 1957-1990 
650 |a Represión -  |z Haití -  |x Historia -  |y 1957-1990 
650 |a Violencia Política -  |z Haití -  |x Historia -  |y 1957-1990 
650 |a Relaciones Internacionales -  |z EUA-Haití -  |x Historia 
650 |a Haití -  |x Condiciones Políticas 
650 |a Política -  |z Haití -  |x Historia -  |y 1957-1990 
650 |a Política -  |z Haití -  |x Historia -  |y Siglo XX 
600 |a Duvalier, François 
700 |a Burt, Al  |e (autor) 
700 |a Greene, Graham  |e (prefacio) 
910 |a Fondo General 
920 |a Impresos - Libros 
930 |a Colección General 
905 |a 101 
901 |a 0500124056  |b IT1  |c ACC  |u 20250521 
902 |a https://opac.biblio.iteso.mx/vufind/Record/000183498